|
|
|
|
| LEADER |
00793nam a22002532a 4500 |
| 001 |
000777071 |
| 003 |
CZ BrMZK |
| 005 |
20050601133244.0 |
| 007 |
ta |
| 008 |
050601s1966 xr er|||||||||||cze d |
| 040 |
|
|
|a ABA001
|b cze
|c BOA001
|d ABA001
|d BOA001
|
| 080 |
|
|
|a 615.849
|2 undef
|
| 100 |
1 |
|
|a Holý, Jiří,
|d 1913-2002
|7 jk01041852
|4 aut
|
| 245 |
1 |
0 |
|a Rentgenová propedeutika :
|b určeno pro posl. lék. fak. v Brně /
|c Jiří Holý a kol.
|
| 250 |
|
|
|a 1. [dotisk] 2., přeprac. vyd.
|
| 260 |
|
|
|a Praha :
|b SPN,
|c 1966
|f (SČT 17)
|
| 300 |
|
|
|a 170 s. ;
|c 4°
|
| 500 |
|
|
|a S obr. a fot. v textu
|
| 500 |
|
|
|a 600 výt.
|
| 500 |
|
|
|a Vyd. Univ. J.E. Purkyně v Brně
|
| 710 |
2 |
|
|a Univerzita J.E. Purkyně v Brně
|7 kn20010709352
|
| 910 |
|
|
|a BOA001
|b 4-0482.256-66
|
| 990 |
|
|
|a BK
|
| 991 |
|
|
|b 200505
|